00825nam a22002057a 450000500170000001000150001702000260003203500140005803700090007208200080008110000250008924500790011426000360019327001570022930000320038670000340041894200220045299900190047495201260049320240530162153.0 aENG-140562 c850.00a9788119664139 aEN-124094 aDBAD a920 aJayaraj, Lata967166 aChristians In Nation Building/cBy Lata Jayaraj [and] Saveri Raj Augustine aBengalurubATC Publishersc2022 aSt Mary's Block, Archdiocesan Pastoral Centre5 Mandidurga Road,Benson Town bBengalurue700053k+91-80-25491999k+91-80-25492999minfo@atcpublishers.com a108p. c21cm(hb)bill., col aAugustine, Saveri Raj 967167 2ddch920cENmJAY c203429d203429 001040708NFICaBNbBNd2024-05-30eDBADg850.00l0o920 JAYpEN-124094r2024-05-30 00:00:00t1v850.00w2024-05-30yEN